000
00318nam a2200145Ia 4500
999
_c
14136
_d
14136
003
OSt
005
20260326162822.0
008
260210s9999 xx 000 0 und d
020
_a
9780500291351
082
_a
747
100
_a
Cliff
245
4
_a
The Way We Live With Colour
260
_b
T & H
942
_c
BDES
_2
ddc